<?xml version="1.0" encoding="UTF-8"?>
<record
    xmlns:xsi="http://www.w3.org/2001/XMLSchema-instance"
    xsi:schemaLocation="http://www.loc.gov/MARC21/slim http://www.loc.gov/standards/marcxml/schema/MARC21slim.xsd"
    xmlns="http://www.loc.gov/MARC21/slim">

  <leader>00800nam a22001577a 4500</leader>
  <controlfield tag="003">OSt</controlfield>
  <controlfield tag="005">20160224153959.0</controlfield>
  <controlfield tag="008">160224b        xxu||||| |||| 00| 0 eng d</controlfield>
  <datafield tag="040" ind1=" " ind2=" ">
    <subfield code="c">RUA</subfield>
  </datafield>
  <datafield tag="082" ind1=" " ind2=" ">
    <subfield code="a">VEM NET 2014 B434 Or.1</subfield>
  </datafield>
  <datafield tag="100" ind1=" " ind2=" ">
    <subfield code="9">7436</subfield>
    <subfield code="a">NET PHALLY; &#x178E;&#x17C2;&#x178F; &#x1795;&#x179B;&#x17D2;&#x179B;&#x17B8;</subfield>
  </datafield>
  <datafield tag="245" ind1=" " ind2=" ">
    <subfield code="a">Study on cholera disease of khaki campbell and their antibodies through ha and hi-test at royal university of agriculture; &#x179F;&#x17B7;&#x1780;&#x17D2;&#x179F;&#x17B6;&#x1796;&#x17B8;&#x1787;&#x17C6;&#x1784;&#x17BA;&#x17A2;&#x17B6;&#x179F;&#x1793;&#x17D2;&#x1793;&#x179A;&#x17C4;&#x1782;&#x179A;&#x1794;&#x179F;&#x17CB;&#x1791;&#x17B6;&#x1780;&#x17B6;&#x1782;&#x17B8;&#x1780;&#x17B6;&#x17C6;&#x1794;&#x17C2;&#x179B; &#x1793;&#x17B7;&#x1784;&#x17A2;&#x1784;&#x17CB;&#x1791;&#x17B8;&#x1782;&#x17D0;&#x179A;&#x179A;&#x1794;&#x179F;&#x17CB;&#x179C;&#x17B6;&#x178F;&#x17B6;&#x1798;&#x179A;&#x1799;&#x17C7; HA &#x1793;&#x17B7;&#x1784; HI-test  &#x1793;&#x17C5;&#x179F;&#x17B6;&#x1780;&#x179B;&#x179C;&#x17B7;&#x1791;&#x17D2;&#x1799;&#x17B6;&#x179B;&#x17D0;&#x1799;&#x1797;&#x17BC;&#x1798;&#x17B7;&#x1793;&#x17D2;&#x1791;&#x1780;&#x179F;&#x17B7;&#x1780;&#x1798;&#x17D2;&#x1798;</subfield>
  </datafield>
  <datafield tag="260" ind1=" " ind2=" ">
    <subfield code="a">Phnom Penh</subfield>
    <subfield code="b">RUA</subfield>
    <subfield code="c">2014</subfield>
  </datafield>
  <datafield tag="300" ind1=" " ind2=" ">
    <subfield code="a">x;41p.</subfield>
    <subfield code="b">ill.</subfield>
    <subfield code="c">29cm.</subfield>
  </datafield>
  <datafield tag="942" ind1=" " ind2=" ">
    <subfield code="2">ddc</subfield>
    <subfield code="c">VEM</subfield>
  </datafield>
  <datafield tag="999" ind1=" " ind2=" ">
    <subfield code="c">7022</subfield>
    <subfield code="d">7022</subfield>
  </datafield>
  <datafield tag="952" ind1=" " ind2=" ">
    <subfield code="0">0</subfield>
    <subfield code="1">0</subfield>
    <subfield code="2">ddc</subfield>
    <subfield code="4">0</subfield>
    <subfield code="6">VEM_NET_2014_000000000000000_B434_OR_1</subfield>
    <subfield code="7">0</subfield>
    <subfield code="9">40866</subfield>
    <subfield code="a">LBB</subfield>
    <subfield code="b">LBB</subfield>
    <subfield code="c">B434</subfield>
    <subfield code="d">2016-02-24</subfield>
    <subfield code="l">2</subfield>
    <subfield code="o">VEM NET 2014 B434 Or.1</subfield>
    <subfield code="p">RUA052784</subfield>
    <subfield code="r">2018-07-27</subfield>
    <subfield code="s">2018-07-10</subfield>
    <subfield code="w">2016-02-24</subfield>
    <subfield code="y">VEM</subfield>
  </datafield>
  <datafield tag="952" ind1=" " ind2=" ">
    <subfield code="0">0</subfield>
    <subfield code="1">0</subfield>
    <subfield code="2">ddc</subfield>
    <subfield code="4">0</subfield>
    <subfield code="6">VEM_NET_2014_000000000000000_B434_OR_2</subfield>
    <subfield code="7">0</subfield>
    <subfield code="9">40867</subfield>
    <subfield code="a">LBB</subfield>
    <subfield code="b">LBB</subfield>
    <subfield code="c">B434</subfield>
    <subfield code="d">2016-02-24</subfield>
    <subfield code="o">VEM NET 2014 B434 Or.2</subfield>
    <subfield code="p">RUA052781</subfield>
    <subfield code="r">2016-02-24</subfield>
    <subfield code="w">2016-02-24</subfield>
    <subfield code="y">VEM</subfield>
  </datafield>
  <datafield tag="952" ind1=" " ind2=" ">
    <subfield code="0">0</subfield>
    <subfield code="1">0</subfield>
    <subfield code="2">ddc</subfield>
    <subfield code="4">0</subfield>
    <subfield code="6">VEM_NET_2014_000000000000000_B434_OR_3</subfield>
    <subfield code="7">0</subfield>
    <subfield code="9">40868</subfield>
    <subfield code="a">LBB</subfield>
    <subfield code="b">LBB</subfield>
    <subfield code="c">B434</subfield>
    <subfield code="d">2016-02-24</subfield>
    <subfield code="o">VEM NET 2014 B434 Or.3</subfield>
    <subfield code="p">RUA052791</subfield>
    <subfield code="r">2016-02-24</subfield>
    <subfield code="w">2016-02-24</subfield>
    <subfield code="y">VEM</subfield>
  </datafield>
  <datafield tag="952" ind1=" " ind2=" ">
    <subfield code="0">0</subfield>
    <subfield code="1">0</subfield>
    <subfield code="2">ddc</subfield>
    <subfield code="4">0</subfield>
    <subfield code="6">VEM_NET_2014_000000000000000_B434_OR_4</subfield>
    <subfield code="7">0</subfield>
    <subfield code="9">40869</subfield>
    <subfield code="a">LBB</subfield>
    <subfield code="b">LBB</subfield>
    <subfield code="c">B434</subfield>
    <subfield code="d">2016-02-24</subfield>
    <subfield code="o">VEM NET 2014 B434 Or.4</subfield>
    <subfield code="p">RUA052789</subfield>
    <subfield code="r">2016-02-24</subfield>
    <subfield code="w">2016-02-24</subfield>
    <subfield code="y">VEM</subfield>
  </datafield>
  <datafield tag="952" ind1=" " ind2=" ">
    <subfield code="0">0</subfield>
    <subfield code="1">0</subfield>
    <subfield code="2">ddc</subfield>
    <subfield code="4">0</subfield>
    <subfield code="6">VEM_NET_2014_000000000000000_B434_OR_5</subfield>
    <subfield code="7">0</subfield>
    <subfield code="9">40870</subfield>
    <subfield code="a">LBB</subfield>
    <subfield code="b">LBB</subfield>
    <subfield code="c">B434</subfield>
    <subfield code="d">2016-02-24</subfield>
    <subfield code="o">VEM NET 2014 B434 Or.5</subfield>
    <subfield code="p">RUA052852</subfield>
    <subfield code="r">2016-02-24</subfield>
    <subfield code="w">2016-02-24</subfield>
    <subfield code="y">VEM</subfield>
  </datafield>
  <datafield tag="952" ind1=" " ind2=" ">
    <subfield code="0">0</subfield>
    <subfield code="1">0</subfield>
    <subfield code="2">ddc</subfield>
    <subfield code="4">0</subfield>
    <subfield code="6">VEM_NET_2014_000000000000000_B434_OR_6</subfield>
    <subfield code="7">0</subfield>
    <subfield code="9">40871</subfield>
    <subfield code="a">LBB</subfield>
    <subfield code="b">LBB</subfield>
    <subfield code="c">B434</subfield>
    <subfield code="d">2016-02-24</subfield>
    <subfield code="o">VEM NET 2014 B434 Or.6</subfield>
    <subfield code="p">RUA052851</subfield>
    <subfield code="r">2016-02-24</subfield>
    <subfield code="w">2016-02-24</subfield>
    <subfield code="y">VEM</subfield>
  </datafield>
  <datafield tag="952" ind1=" " ind2=" ">
    <subfield code="0">0</subfield>
    <subfield code="1">0</subfield>
    <subfield code="2">ddc</subfield>
    <subfield code="4">0</subfield>
    <subfield code="6">VEM_NET_2014_000000000000000_B434_OR_7</subfield>
    <subfield code="7">0</subfield>
    <subfield code="9">40872</subfield>
    <subfield code="a">LBB</subfield>
    <subfield code="b">LBB</subfield>
    <subfield code="c">B434</subfield>
    <subfield code="d">2016-02-24</subfield>
    <subfield code="o">VEM NET 2014 B434 Or.7</subfield>
    <subfield code="p">RUA052850</subfield>
    <subfield code="r">2016-02-24</subfield>
    <subfield code="w">2016-02-24</subfield>
    <subfield code="y">VEM</subfield>
  </datafield>
  <datafield tag="952" ind1=" " ind2=" ">
    <subfield code="0">0</subfield>
    <subfield code="1">0</subfield>
    <subfield code="2">ddc</subfield>
    <subfield code="4">0</subfield>
    <subfield code="6">VEM_NET_2014_000000000000000_B434_OR_8</subfield>
    <subfield code="7">0</subfield>
    <subfield code="9">40873</subfield>
    <subfield code="a">LBB</subfield>
    <subfield code="b">LBB</subfield>
    <subfield code="c">B434</subfield>
    <subfield code="d">2016-02-24</subfield>
    <subfield code="o">VEM NET 2014 B434 Or.8</subfield>
    <subfield code="p">RUA052729</subfield>
    <subfield code="r">2016-02-24</subfield>
    <subfield code="w">2016-02-24</subfield>
    <subfield code="y">VEM</subfield>
  </datafield>
  <datafield tag="952" ind1=" " ind2=" ">
    <subfield code="0">0</subfield>
    <subfield code="1">0</subfield>
    <subfield code="2">ddc</subfield>
    <subfield code="4">0</subfield>
    <subfield code="6">VEM_NET_2014_000000000000000_B434_OR_1</subfield>
    <subfield code="7">0</subfield>
    <subfield code="9">40874</subfield>
    <subfield code="a">LBB</subfield>
    <subfield code="b">LBB</subfield>
    <subfield code="d">2016-02-24</subfield>
    <subfield code="o">VEM NET 2014 B434 Or.1</subfield>
    <subfield code="r">2016-02-24</subfield>
    <subfield code="w">2016-02-24</subfield>
    <subfield code="y">VEM</subfield>
  </datafield>
  <datafield tag="952" ind1=" " ind2=" ">
    <subfield code="0">0</subfield>
    <subfield code="1">0</subfield>
    <subfield code="2">ddc</subfield>
    <subfield code="4">0</subfield>
    <subfield code="6">VEM_NET_2014_000000000000000_B694_OR</subfield>
    <subfield code="7">0</subfield>
    <subfield code="9">87578</subfield>
    <subfield code="a">LBB</subfield>
    <subfield code="b">LBB</subfield>
    <subfield code="c">B694</subfield>
    <subfield code="d">2021-11-22</subfield>
    <subfield code="o">VEM NET 2014 B694 Or.</subfield>
    <subfield code="p">a066041</subfield>
    <subfield code="r">2021-11-22</subfield>
    <subfield code="w">2021-11-22</subfield>
    <subfield code="y">VEM</subfield>
  </datafield>
</record>
